Place names containing "dad" - Statistics

General Stats
  • This quiz has been taken 17 times
  • The average score is 4 of 10
Answer Stats
Clue Geographical entity % Correct
The Iraqi capital Baghdad
94%
Caribbean island Trinidad
94%
County in the Miami area Dade
59%
Spanish place meaning "Royal City" Ciudad Real
35%
Venezuelan city whose name means "Guayana City" Ciudad Guayana
24%
Filipino town whose name means "Prosperity" Prosperidad
24%
Place name meaning "Trinity" in Portuguese Trinidade
24%
City in Northern Mozambique Cidade de Nacala
0%
Indian territory Dadra
0%
Large southern district of Chongqing Dadukou
0%
No matching quizzes found
Score Distribution
Percent of People with Each Score
Percentile by Number Answered
Your Score History
You have not taken this quiz